| 000 | 00868nam a22001937a 4500 | ||
|---|---|---|---|
| 003 | BD-ChCU | ||
| 005 | 20260406112638.0 | ||
| 008 | 260406b bg ||||| |||| 00| 0 ben d | ||
| 020 | _a9789849071624 | ||
| 040 | _cBD-ChCU | ||
| 082 |
_222 _a৩৪৫.০৫ রাজা ৪২ ফৌ |
||
| 100 |
_a রাজা , কে ,এম, রাশেদুজ্জামান _921194 |
||
| 245 |
_aফৌজদারি মামলার বিচার এবং প্রাসঙ্গিক বিষয় / _cকে , এম, রাশেদুজ্জামান রাজা |
||
| 250 | _a৩ সং | ||
| 260 |
_aঢাকা : _bব্ল্যাকস্টোন ল’ বুকস , _c২০২৫ |
||
| 300 |
_a৫৪০পৃ: _c২২সেমি. |
||
| 650 | 0 |
_aফৌজদারি মামলা বিচার _921182 |
|
| 942 |
_2ddc _cBK _n0 |
||
| 999 |
_c112055 _d112055 |
||